| 000 | 00000nam##2200000za#4500 |
| 001 | 9.573662 |
| 003 | CaOODSP |
| 005 | 20210624183815 |
| 007 | cr ||||||||||| |
| 008 | 150406|2004||||xxc|||||o f|0| 0 eng|d |
| 040 | |aCaOODSP|beng |
| 043 | |an-cn--- |
| 086 | 1 |aT41-1/25E-PDF |
| 110 | 1 |aCanada. |bTransport Canada. |
| 245 | 10|aUniversal transit passes in Canada |h[electronic resource] |
| 260 | |aOttawa - Ontario : |bTransport Canada |cJuly 2004. |
| 300 | |a17p.|bcoloured illus., table, photographs |
| 490 | 1 |aCase studies in sustainable transportation |vCase study 25 |
| 500 | |aAt head of title: Urban Transportation Showcase Program. "Halifax, N.S. / London, Ont. / Victoria, B.C.". |
| 590 | |a12-20-Supp|b2012-05-09 |
| 775 | 08|tLaissez-passer universels de transport en commun au Canada |w(CaOODSP)9.603761 |
| 830 | #0|aCase studies in sustainable transportation ;|vCase study 25|w(CaOODSP)9.506851 |
| 856 | 40|ahttp://publications.gc.ca|qPDF|s759 KB|uhttps://publications.gc.ca/collections/collection_2012/tc/T41-1-25-eng.pdf|yCase study 25 |
| 986 | |aTP14270E |